000 00349nam a22001451a 4500
020 _a9788121405980
082 _aH 891.430 92
_bRAM/S
100 _aRamkamal Rai
245 _aShikhar se sagar tak/
_cby Ramkamal Rai
260 _aNew Delhi:
_bNational,
_c1997.
300 _a271p.
650 _aBiography
650 _aBiography Ajney
942 _cBK
999 _c41786
_d41786